| 000 | 00593nam a22001817a 4500 | ||
|---|---|---|---|
| 999 |
_c9058 _d9058 |
||
| 003 | AR-CdUCM | ||
| 008 | 190327b ||||| |||| 00| 0 spa d | ||
| 040 |
_aMUNICIPALIDAD PROVINCIAL DEL CUSCO _cBIBLIOTECA MUNICIPAL DEL CUSCO |
||
| 082 |
_a298 / _bP59 |
||
| 100 |
_aPio XI _925036 |
||
| 245 |
_aQuadragesimo Anno : _bSobre la Restauración del Orden Social / |
||
| 260 |
_aSantiago de Chile : _bEdiciones Paulinas ; _c1962. |
||
| 300 |
_a60 páginas ; _c19cm |
||
| 505 | _aContenido: Iglesia y problemas sociales | ||
| 650 |
_aIglesia católica _93151 |
||
| 942 |
_2ddc _cLIBROS |
||
| 945 | _anom | ||